A tremendous thing: friendship from the Iliad to the Internet
Gorde:
| Egile nagusia: | |
|---|---|
| Formatua: | Liburua |
| Hizkuntza: | ingelesa |
| Argitaratua: |
Ithaca
Cornel University Press
2014
|
| Edizioa: | 1a. ed |
| Gaiak: | |
| Etiketak: |
Etiketa erantsi
Etiketarik gabe, Izan zaitez lehena erregistro honi etiketa jartzen!
|
MARC
| LEADER | 00000cam a2200000 a 4500 | ||
|---|---|---|---|
| 001 | UCC7353 | ||
| 003 | CL-VaPUC | ||
| 008 | 190322e20140000us |||||||||||||||||eng|d | ||
| 020 | |a 9780801452840 | ||
| 082 | 0 | 4 | |a 302.34 |b JUS |2 21 |
| 100 | 0 | |a Jusdanis, Gregory |e author |9 601931 | |
| 245 | 1 | 2 | |a A tremendous thing: friendship from the Iliad to the Internet |
| 250 | |a 1a. ed | ||
| 300 | |a 213 p | ||
| 942 | |c BK | ||
| 945 | |d 20190322 14:57:00 |a dcastane | ||
| 260 | |a Ithaca |b Cornel University Press |c 2014 | ||
| 650 | 0 | |a Amistad |9 307341 | |
| 650 | 0 | |a Redes sociales |9 327959 | |
| 583 | |a last modification |c 20190322 14:57:00 |k Rodrigo Vera | ||
| 999 | |c 374023 |d 374021 | ||
| 952 | |0 0 |1 0 |3 erd |4 0 |6 302_340000000000000_JUS_2014 |7 0 |8 A |9 492373 |a BIBEDU |b BIBEDU |i 553822K |o 302.34 JUS 2014 |p 553822K |r 2019-11-24 |w 2019-11-24 |y BK |z Catalogado en:20190322 |k FIL | ||